Southville International School and Colleges
Your cart is empty.
  • Cart
  • Lists
    Public lists Eva Luna New books Lux_list list_1
    Your lists Log in to create your own lists
  • Log in to your account
  • Your cookies
  • Search history
Southville International School and Colleges
  • Advanced search
  • Recent comments
  • Most popular
  • Libraries

Log in to your account

Log in with GOOGLE


If you do not have an external account, but do have a local account, you can still log in:

  1. Home
  2. MARC view: Course of action /
Normal view MARC view ISBD view

Course of action / (Record no. 368509)

[ view plain ]
MARC details
000 -LEADER
fixed length control field 00651nam a22002057a 4500
003 - CONTROL NUMBER IDENTIFIER
control field 0
005 - DATE AND TIME OF LATEST TRANSACTION
control field 20251107153441.0
008 - FIXED-LENGTH DATA ELEMENTS--GENERAL INFORMATION
fixed length control field 251107b xxu||||| |||| 00| 0 eng d
020 ## - INTERNATIONAL STANDARD BOOK NUMBER
International Standard Book Number 978-174355344-2
050 ## - LIBRARY OF CONGRESS CALL NUMBER
Classification number PS 3563.C3836
Item number .M35 2013
100 ## - MAIN ENTRY--PERSONAL NAME
Personal name McKenna, Lindsay,
Relator term author.
245 ## - TITLE STATEMENT
Title Course of action /
Statement of responsibility, etc Lindsay McKenna & Merline Lovelace.
260 ## - PUBLICATION, DISTRIBUTION, ETC. (IMPRINT)
Place of publication, distribution, etc North Sydney NSW, Australia :
Name of publisher, distributor, etc Harlequin Mills & Boon,
Date of publication, distribution, etc 2013.
300 ## - PHYSICAL DESCRIPTION
Extent various pagination ;
Dimensions 17 cm.
650 ## - SUBJECT ADDED ENTRY--TOPICAL TERM
Topical term or geographic name as entry element Romantic suspense fiction.
650 ## - SUBJECT ADDED ENTRY--TOPICAL TERM
Topical term or geographic name as entry element War stories.
650 ## - SUBJECT ADDED ENTRY--TOPICAL TERM
Topical term or geographic name as entry element United States. Army
General subdivision Officers
Form subdivision Fiction.
650 ## - SUBJECT ADDED ENTRY--TOPICAL TERM
Topical term or geographic name as entry element Soldiers
General subdivision Fiction.
942 ## - ADDED ENTRY ELEMENTS (KOHA)
Source of classification or shelving scheme Library of Congress Classification
Koha item type Books
Holdings
Withdrawn status Lost status Source of classification or shelving scheme Damaged status Home library Current library Shelving location Date acquired Source of acquisition Sub Shelving location Total Checkouts Full call number Barcode Date last seen Price effective from Koha item type
    Library of Congress Classification   College Library College Library Fiction Section 08/01/2024 Donation     PS 3563.C3836 .M35 2013 C25584 11/07/2025 11/07/2025 Books

Course of action /

APA

McKenna L., . (2013). Course of action. North Sydney NSW, Australia: Harlequin Mills & Boon.

Chicago

McKenna Lindsay, . 2013. Course of action. North Sydney NSW, Australia: Harlequin Mills & Boon.

Harvard

McKenna L., . (2013). Course of action. North Sydney NSW, Australia: Harlequin Mills & Boon.

MLA

McKenna Lindsay, . Course of action. North Sydney NSW, Australia: Harlequin Mills & Boon. 2013.

  • Place hold
  • Print
  • Cite
  • Add to your cart (remove)
  • Save record
    BIBTEX Dublin Core MARCXML MARC (non-Unicode/MARC-8) MARC (Unicode/UTF-8) MARC (Unicode/UTF-8, Standard) MODS (XML) RIS
  • More searches
    Search for this title in:
    Other Libraries (WorldCat) Other Databases (Google Scholar) Online Stores (Bookfinder.com) Open Library (openlibrary.org)

Exporting to Dublin Core...

SOUTHVILLE LIBRARY

Southville International School and Colleges Library

1281 Tropical Ave. Cor. Luxembourg St., BF Homes International, Las Pinas City

Tel. No. 8256374 / 252358 Loc. 117/146

Powered by Koha